000 00541nam a2200193Ia 4500
005 20250508150939.0
008 008 250505s9999 xx 000 0 eng d
037 _aTextual
040 _aFEDL
_beng
_cFEDL
041 _aeng
_2eng
084 _a331.1, BEV
_qFEDL
100 _aBeveridge William H.
_9277166
245 0 _aFull employment in a free society
260 _aLondon, UK
_bGeorge Allen and Unwin Ltd.
_c1944
300 _a429p.
650 _aEconomics
942 _cTEXL
_h331.1, BEV
999 _c1326654
_d1326654